<?xml version="1.0" encoding="UTF-8"?>
<collection xmlns="http://www.loc.gov/MARC21/slim">
 <record>
  <leader>00859pam a22002418a 4500</leader>
  <controlfield tag="001">00030209</controlfield>
  <controlfield tag="005">20171026081022.0</controlfield>
  <controlfield tag="008">121227s2005                  ||||||viesd</controlfield>
  <datafield tag="020" ind1=" " ind2=" ">
   <subfield code="c">120000</subfield>
  </datafield>
  <datafield tag="041" ind1="0" ind2="#">
   <subfield code="a">vie</subfield>
  </datafield>
  <datafield tag="082" ind1="1" ind2="4">
   <subfield code="a">895.922 08</subfield>
   <subfield code="b">H407NH</subfield>
  </datafield>
  <datafield tag="100" ind1="1" ind2="#">
   <subfield code="a">Trần, Hữu Tá</subfield>
   <subfield code="e">Tuyển chọn, giới thiệu</subfield>
  </datafield>
  <datafield tag="245" ind1="1" ind2="0">
   <subfield code="a">Hoàng Như Mai tuyển tập</subfield>
   <subfield code="c">Trần Hữu Tá (tuyển chọn và giới thiệu)</subfield>
  </datafield>
  <datafield tag="260" ind1="#" ind2="#">
   <subfield code="a">H.</subfield>
   <subfield code="b">Giáo dục</subfield>
   <subfield code="c">2005</subfield>
  </datafield>
  <datafield tag="300" ind1="#" ind2="#">
   <subfield code="b">ảnh màu</subfield>
   <subfield code="a">824 tr.</subfield>
   <subfield code="c">24 cm.</subfield>
  </datafield>
  <datafield tag="600" ind1="1" ind2="4">
   <subfield code="a">Hoàng, Như Mai</subfield>
  </datafield>
  <datafield tag="653" ind1="#" ind2="#">
   <subfield code="a">Nghiên cứu văn học</subfield>
  </datafield>
  <datafield tag="653" ind1="#" ind2="#">
   <subfield code="a">Văn học Việt Nam</subfield>
  </datafield>
  <datafield tag="852" ind1="#" ind2="#">
   <subfield code="b">Kho mượn</subfield>
   <subfield code="j">KM.0015479</subfield>
  </datafield>
  <datafield tag="852" ind1="#" ind2="#">
   <subfield code="b">Kho đọc</subfield>
   <subfield code="j">KD.0014257</subfield>
  </datafield>
  <datafield tag="852" ind1="#" ind2="#">
   <subfield code="j">KD.0014257</subfield>
   <subfield code="j">KM.0015479</subfield>
  </datafield>
  <datafield tag="910" ind1=" " ind2=" ">
   <subfield code="d">27/12/2012</subfield>
  </datafield>
  <datafield tag="980" ind1="#" ind2="#">
   <subfield code="a">Trung tâm Học liệu Lê Vũ Hùng, Trường Đại học Đồng Tháp</subfield>
  </datafield>
 </record>
</collection>
